Races de chat et chien - Statistiques

Statistiques générales
  • Ce quiz a été pris 85 fois
  • Le résultat moyen est 15 sur 35
Statistiques - réponses
Par images Réponse % Correct
Berger allemand
79%
Saint-Bernard
78%
Teckel
76%
Bengal
71%
Border collie
71%
Caniche
71%
Sphynx
69%
Boxer
68%
Maine coon
67%
Persan
65%
Shiba Inu
64%
Rottweiler
60%
Colley
57%
Ragdoll
57%
Chartreux
56%
Sacré de birmanie
49%
Bleu russe
46%
Cocker anglais
42%
Cane Corso
32%
Berger des shetland
31%
Bombay
28%
Abyssin
26%
Leonberg
26%
Somali
26%
Devon rex
22%
Bobtail japonais
19%
Komondor
19%
Singapura
19%
Cornish Rex
18%
Ocicat
18%
Chien du pharaon
17%
Nebelung
15%
Grand danois
14%
LaPerm
13%
Berger anglais
11%
Aucun quiz correspondant
Distribution des résultats
% des personnes avec chaque résultat
Percentile par nombre de réponses
Votre historique - résultats
Vous n’avez pas pris ce quiz